00277nam a2200121Ia 4500008004100000041000900041082001500050100001600065245002300081260003500104300000800139650000800147230718s9999 xx 000 0 und d aEng. a546bMAL-I aMalik,Ahmad 0ainternational laws aPakistanbIRFAN LAW PUB.c2012 a874 aLaw